| 000 | 00425nam a2200157Ia 4500 | ||
|---|---|---|---|
| 008 | 230917s9999||||xx |||||||||||||| ||und|| | ||
| 020 | _cRS32.4 | ||
| 040 |
_e2977 _aMAIN |
||
| 041 | _aEnglish | ||
| 082 | _a362.7 B61H | ||
| 100 | _aBlandy, Marg | ||
| 245 | 0 | _aHarvest from rotten apples: An account of experimental work with dectached youth | |
| 260 |
_aLondon _bVictor Gollancz _c1971 |
||
| 300 | _a190 p. | ||
| 942 | _cBK | ||
| 999 |
_c192781 _d192781 |
||